United States Army Ribbons - Statistics

General Stats
  • This quiz has been taken 11 times
  • The average score is 9 of 38
Answer Stats
Picture Answer % Correct
Medal of Honor (MoH)
82%
Purple Heart (PH)
82%
Bronze Star Medal (BSM)
55%
Army Achievement Medal (AAM)
45%
Afghanistan Campaign Medal (ACM)
36%
Iraq Campaign Medal (ICM)
36%
Silver Star Medal (SSM)
36%
Air Medal (AM)
27%
Army Commendation Medal (ACM)
27%
Army Service Ribbon (ASR)
27%
Distinguished Service Cross (DSC)
27%
Global War on Terrorism Service Medal (GWOT-SM)
27%
Presidential Unit Citation (PUC)
27%
Prisoner of War Medal (POWM)
27%
Soldier's Medal (SM)
27%
U.S. Army Reserve Components Achievement Medal (ARCAM)
27%
Antarctica Service Medal (ASM)
18%
Army Good Conduct Medal (AGCM)
18%
Distinguished Service Medal (DSM)
18%
Humanitarian Service Medal (HSM)
18%
Inherent Resolve Campaign Medal (IRCM)
18%
Korea Defense Service Medal (KDSM)
18%
Legion of Merit (LOM)
18%
Meritorious Service Medal (MSM)
18%
Military Outstanding Volunteer Service Medal (MOVSM)
18%
National Defense Service Medal (NDSM)
18%
Armed Forces Expeditionary Medal (AFEM)
9%
Armed Forces Service Medal (AFSM)
9%
Army Overseas Service Ribbon (AOSR)
9%
Army Recruiting Ribbon (ARR)
9%
Distinguished Flying Cross (DFC)
9%
Global War on Terrorism Expeditionary Medal (GWOT-EM)
9%
Mexican Border Defense Medal (MBDM)
9%
NCO Professional Development Ribbon (NCOPDR)
9%
U.S. Army Sea Duty Ribbon (ASDR)
9%
Army Meritorious Unit Commendation (AMUC)
0%
Army Superior Unit Award (ASUA)
0%
Valorous Unit Award (VUA)
0%
No matching quizzes found
Score Distribution
Percent of People with Each Score
Percentile by Number Answered
Your Score History
You have not taken this quiz